[Event "Terrassa op-B"]
[Site "Terrassa"]
[Date "1996.??.??"]
[Round "1"]
[White "Dionisio Gutierrez, JM."]
[Black "Ingles Lacasa, Rafael"]
[Result "0-1"]
[WhiteElo "1855"]
[BlackElo "2025"]
[PlyCount "63"]
[EventDate "1996.07.??"]
[EventType "swiss"]
[EventRounds "9"]
[EventCountry "ESP"]
[SourceTitle "EXT 2002"]
[Source "ChessBase"]
[SourceDate "2001.11.25"]
[SourceVersion "1"]
[SourceVersionDate "2001.11.25"]
[SourceQuality "1"]

1. e4 e6 2. d4 c5 3. Nf3 cxd4 4. Nxd4 a6 5. Nc3 Nc6 6. Be2 Bb4 7. Nxc6 bxc6 8. 0-0 Ne7 9. Qd4 Bxc3 10. Qxc3 0-0 11. Bg5 f6 12. Bh4 Ng6 13. Bg3 e5 14. Rad1 Bb7 15. Rd6 Qc7 16. Rfd1 Rad8 17. Qb3+ Kh8 18. Bg4 Bc8 19. h4 Rfe8 20. h5 Nf4 21. Bxf4 exf4 22. Bf5 Rf8 23. Qf3 Qa5 24. Qxf4 Qxa2 25. b3 Qxc2 26. h6 g5 27. Qg4 Qc5 28. Bxd7 a5 29. Rxc6 Qxc6 30. Bxc8 Rxd1+ 31. Qxd1 Qxc8 32. Qd4 0-1

[Event "Terrassa op-B"]
[Site "Terrassa"]
[Date "1996.??.??"]
[Round "6"]
[White "Ingles Lacasa, Rafael"]
[Black "Gonzalez Bello, A."]
[Result "1-0"]
[WhiteElo "2025"]
[BlackElo "1945"]
[PlyCount "69"]
[EventDate "1996.07.??"]
[EventType "swiss"]
[EventRounds "9"]
[EventCountry "ESP"]
[SourceTitle "EXT 2002"]
[Source "ChessBase"]
[SourceDate "2001.11.25"]
[SourceVersion "1"]
[SourceVersionDate "2001.11.25"]
[SourceQuality "1"]

1. e4 c5 2. Nf3 d6 3. d4 cxd4 4. Nxd4 Nf6 5. Nc3 a6 6. Be3 Ng4 7. Bd2 g6 8. h3 Nf6 9. f4 Bg7 10. Qf3 Qc7 11. g4 b5 12. a3 Bb7 13. Bd3 Nbd7 14. h4 Nc5 15. Be3 Nfd7 16. Nde2 Nb6 17. Bd4 e5 18. fxe5 dxe5 19. Be3 Nxd3+ 20. cxd3 Qd6 21. 0-0 0-0 22. Rad1 b4 23. axb4 Qxb4 24. h5 Nd7 25. Qh3 Nf6 26. Bg5 Qb6+ 27. Kg2 Qe6 28. Kg3 Bc8 29. Bxf6 Bxf6 30. hxg6 fxg6 31. Rh1 Ra7 32. Nd5 Bg5 33. Rdf1 Raf7 34. Nec3 Rxf1 35. Qxh7# 1-0